Statistics for List of airlines of South Korea

Click here to take the quiz!

General Stats

  • This quiz has been taken 14 times
  • The average score is 5 of 13

Answer Stats

TypeAnswer% Correct
Flag CarrierAsiana Airlines
100%
Flag CarrierKorean Air
100%
Low-costJeju Air
67%
Low-costJin Air
50%
Low-costAir Busan
33%
Low-costAir Seoul
33%
CargoAir Incheon
25%
Low-costT'way Air
25%
Low-costAero K
17%
HybridAir Premia
17%
Low-costEastar jet
17%
Propeller AircraftHi Air
8%
Propeller AircraftSum Air
8%

Score Distribution

Percentile by Number Answered

Percent of People with Each Score

Your Score History

You have not taken this quiz